000 00970nam0a22002531 4500
001 rc\401109
005 20030616165728.9
035 _a(NLR Aleph) 005649860
090 _a6759647
_c6759647
100 _a20030616d1989 u |0rusy50 ca
101 0 _arus
102 _aRU
105 _aa |||||||||
200 1 _aАнизотропия магнитных свойств текстурированного образца соединения Bi₂, Sr₂ CaCu₂O₈-β
_fС.Г. Барсов, А.А. Васильев, А.Л. Геталов и др.
210 _aЛ.
_cЛИЯФ
_d1989
215 _a32 с.
_cил.
_d20
225 1 _aПрепринт
_fАН СССР, Ленингр. ин-т ядер. физики им. Б.П. Константинова
_v№ 1535
320 _aБиблиогр.: с. 31 (10 назв.)
701 1 _aБарсов
_bС. Г.
801 0 _aRU
_bNLR
_gpsbo
801 1 _aRU
_bELAR
_2rusmarc
852 _aNLR
_j89-4/17661
942 _cBOOK
980 _aNB